Interpretación de la esquizofrenia / (Record no. 25586)

MARC details
000 -LEADER
campo de control de longitud fija 00574nam a2200181 i 4500
001 - NÚMERO DE CONTROL
campo de control 25586
003 - IDENTIFICADOR DE NÚMERO DE CONTROL
campo de control ES-MaACL
005 - FECHA Y HORA DE LA ÚLTIMA TRANSACCIÓN
campo de control 20230906153309.0
007 - CAMPO FIJO DE DESCRIPCIÓN FÍSICA--INFORMACIÓN GENERAL
campo de control de longitud fija t|
008 - DATOS DE LONGITUD FIJA--INFORMACIÓN GENERAL
campo de control de longitud fija 021227s1965 sp ||||1| spa d
100 1# - ENTRADA PRINCIPAL--NOMBRE DE PERSONA
Nombre de persona Arieti, Silvano.
9 (RLIN) 22825
245 10 - MENCIÓN DEL TÍTULO
Título Interpretación de la esquizofrenia /
Mención de responsabilidad, etc. Silvano Arieti ; [Traducción por Elena Riesco de Valdivieso].
260 ## - PUBLICACIÓN, DISTRIBUCIÓN, ETC.
Lugar de publicación, distribución, etc. Barcelona, etc. :
Nombre del editor, distribuidor, etc. Labor,
Fecha de publicación, distribución, etc. 1965.
300 ## - DESCRIPCIÓN FÍSICA
Extensión XVI, 433 p. ;
Dimensiones 21 cm.
650 04 - PUNTO DE ACCESO ADICIONAL DE MATERIA--TÉRMINO DE MATERIA
Término de materia o nombre geográfico como elemento de entrada Esquizofrenia.
9 (RLIN) 12510
700 1# - ENTRADA AGREGADA--NOMBRE PERSONAL
Nombre de persona Riesco de Valdivieso, Elena.
9 (RLIN) 97152
852 ## - LOCALIZACIÓN
Ubicación ES-MaACL
Número de control de estantería C-27426
Sublocalización o colección R.56546
Holdings
Estatus retirado Estado de pérdida Estado de daño No para préstamo Biblioteca de origen Biblioteca actual Ubicación en estantería Fecha de adquisición Fuente de adquisición Total de préstamos Signatura topográfica completa Código de barras Visto por última vez Precio de reemplazo Tipo de ítem Koha
        Biblioteca del Ateneo de Madrid Biblioteca del Ateneo de Madrid Depósito 2 17/01/2008     C-27426 1026387 23/02/2023 23/02/2023 Libro impreso